| 000 | 01076nam a2200181Ia 4500 | ||
|---|---|---|---|
| 008 | 090124s9999 xx 000 0 und d | ||
| 082 |
_b31440 _a1832 |
||
| 100 | _aसावकार मेघ:श्याम | ||
| 245 | _a विष्णुसहस्त्रनामस्तोत्र भाष्य प्रबोध सुधाकर (श्रीमत आद्य शंकराचार्य विरचित) | ||
| 250 | _a1 | ||
| 260 | _c2001 | ||
| 300 | _a385 | ||
| 600 | _aसावकार मेघ:श्याम | ||
| 630 | _a विष्णुसहस्त्रनामस्तोत्र भाष्य प्रबोध सुधाकर (श्रीमत आद्य शंकराचार्य विरचित) | ||
| 700 | _aसावकार मेघ:श्याम | ||
| 730 | _a विष्णुसहस्त्रनामस्तोत्र भाष्य प्रबोध सुधाकर (श्रीमत आद्य शंकराचार्य विरचित) | ||
| 942 | _cBOOK | ||
| 999 |
_c144919 _d144919 |
||